Lope de Vega
Guardat en:
| Autor principal: | |
|---|---|
| Format: | Llibre |
| Idioma: | espanyol |
| Publicat: |
Buenos Aires
La Universidad
1945
|
| Matèries: | |
| Etiquetes: |
Afegir etiqueta
Sense etiquetes, Sigues el primer a etiquetar aquest registre!
|
MARC
| LEADER | 00000nam a2200000 a 4500 | ||
|---|---|---|---|
| 001 | UCZ5844 | ||
| 003 | CL-VaPUC | ||
| 008 | 951124e19450000AG |||||||||||||||||spa|d | ||
| 082 | 0 | 4 | |a 861 |b GOM |2 21 |
| 100 | 0 | |a Gómez de la Serna, Ramón |e author |9 344182 | |
| 245 | 1 | 0 | |a Lope de Vega |
| 300 | |a 159 p | ||
| 942 | |c BK | ||
| 945 | |d 19951124 00:00:00 |a lriquelm | ||
| 260 | |a Buenos Aires |b La Universidad |c 1945 | ||
| 650 | 0 | |a Literatura española |9 306261 | |
| 650 | 0 | |a Poesía española |9 264938 | |
| 650 | 0 | |a Crítica literaria |9 269189 | |
| 583 | |a last modification |c 19951124 00:00:00 |k Rodrigo Vera | ||
| 999 | |c 242131 |d 242129 | ||
| 952 | |0 0 |1 0 |4 0 |6 861_000000000000000_GOM_1945 |7 0 |8 P |9 254873 |a BIBEDU |b BIBEDU |c BIBEDU_PB |d 2019-11-19 |i 1577808 |o 861 GOM 1945 |p 1577808 |r 2024-01-25 |w 2019-11-19 |y BK |k FIL | ||